Electromagnetic waves and radiating systems (Record no. 317)

MARC details
000 -LEADER
Fixed length control field 00546nam a22002057a 4500
003 - CONTROL NUMBER IDENTIFIER
Control field SEACOMMC
005 - DATE AND TIME OF LATEST TRANSACTION
Control field 20231109070213.0
008 - FIXED-LENGTH DATA ELEMENTS--GENERAL INFORMATION
Fixed length control field 231109b |||||||| |||| 00| 0 eng d
020 ## - INTERNATIONAL STANDARD BOOK NUMBER / ISBN
Price Rs. 195.00
040 ## - CATALOGING SOURCE
Original cataloging agency SEACOMMC
082 ## - DEWEY DECIMAL CLASSIFICATION NUMBER
Classification number 539.2
Book Number JOR
100 1# - MAIN ENTRY--PERSONAL NAME
Personal name Jordon, Edward C.
245 1# - TITLE STATEMENT
Title Electromagnetic waves and radiating systems
Statement of responsibility Edward C. Jordon and Keith G. Balmain
250 ## - EDITION STATEMENT
Edition statement 2nd Ed
260 ## - IMPRINT
Place of publication New Delhi
Name of publisher Prentice-Hall
Date of publication 2003
650 ## - SUBJECT ADDED ENTRY--TOPICAL TERM
Topical term Physics
650 ## - SUBJECT ADDED ENTRY--TOPICAL TERM
Topical term Modern physics
700 1# - ADDED ENTRY--PERSONAL NAME
Personal name Balmain, Keith G.
942 ## - ADDED ENTRY ELEMENTS (KOHA)
Koha item type Books
Holdings
Withdrawn status Lost status Source of classification Damaged status Not for loan Home library Current library Date acquired Total Checkouts Call number Accession number Date last seen Price effective from Koha item type
    Dewey Decimal Classification     SEACOM MANAGEMENT COLLEGE SEACOM MANAGEMENT COLLEGE 19/09/2006   539.2 JOR 05510 09/11/2023 09/11/2023 Books
© Seacom Engineering College, All rights reserved.    Powered by Koha